000 00854nam a22001817a 4500
999 _c63559
_d63559
003 Ge_BSU
005 20251030144447.0
008 251030s1977 ge ||||| |||| 00| 0 geo d
041 _ageo
080 _a330.113 ხ-26
100 _aხარბედია, რ.
_926131
245 _aეკონომიკური კანონების ფუნქციონირება მეათე ხუთწლედში /
_cრ. ხარბედია; ეკონომიკისა და სამართლის ინ-ტი.
264 _aთბ. :
_bმეცნიერება,
_c1977.
300 _a66 გვ. ;
_b22 სმ.
490 _aმეცნიერულ-პოპულარული სერია
653 _aეკონომიკური კანონები
942 _2udc
_cᲬᲘᲒᲜᲘ